Sectoral productivity and real exchange rate appreciation: Much ado about nothing?

Odhad zmien relatívnych cien pochádzajúcich z kolísania (fluktuácie) odvetvovej produktivity, vo vybraných národných ekonomikách. Vplyv vývoja odvetvovej produktivity na relatívne ceny v krajinách Európskej únie a ČR.

Enregistré dans:
Détails bibliographiques
Auteur principal: Flek, Vladislav
Autres auteurs: Marková, Lenka, Podpiera, Jiří
Format: Chapitre de livre
Langue:anglais
Sujets:
Tags: Ajouter un tag
Pas de tags, Soyez le premier à ajouter un tag!

MARC

LEADER 00000naa a2200000 4500
001 r048861
005 20231004102443.8
041 0 |a eng 
044 |a CZ 
245 1 0 |a Sectoral productivity and real exchange rate appreciation: Much ado about nothing?  |c Vladislav Flek, Lenka Marková, Jiří Podpiera 
520 |a Odhad zmien relatívnych cien pochádzajúcich z kolísania (fluktuácie) odvetvovej produktivity, vo vybraných národných ekonomikách. Vplyv vývoja odvetvovej produktivity na relatívne ceny v krajinách Európskej únie a ČR. 
610 2 0 |a kurz menový reálny 
610 2 0 |a produktivita 
610 2 0 |a odvetvia činnosti ekonomickej 
610 2 0 |a mzdy 
610 2 0 |a modely 
610 2 0 |a inflácia 
610 2 0 |a analýza ekonometrická 
610 2 0 |a ceny 
610 2 0 |a Európska únia 
610 2 0 |a Česko 
610 2 0 |a porovnanie medzinárodné 
100 1 |a Flek, Vladislav 
700 1 |a Marková, Lenka 
700 1 |a Podpiera, Jiří